มุมมองปกติ
มุมมองแบบ MARC
- ความโปร่งใส (จริยศาสตร์) ในภาครัฐ
รายการ Topical Term
001 - CONTROL NUMBER
- control field: 67125
003 - CONTROL NUMBER IDENTIFIER
- control field: NALT
005 - DATE AND TIME OF LATEST TRANSACTION
- control field: 20251211102656.0
008 - FIXED-LENGTH DATA ELEMENTS
- fixed length control field: 251211|| aca||babn | a|a d
040 ## - CATALOGING SOURCE
- Original cataloging agency: NALT
150 #4 - HEADING--TOPICAL TERM
- Topical term or geographic name entry element: ความโปร่งใส (จริยศาสตร์) ในภาครัฐ
